000 00929nam a2200301 i 4500
001 000011022
003 DO-SdBNP
005 20250122135756.0
007 ta
008 091013s1996 dr 001 p spa d
020 _z97681560508
040 _aDO-SdBNP
_bspa
_cBNPHU
_erda
041 _aspa
082 4 _aRD861.44
_bT693e
_222
100 1 _aTorres, Alfonso
_eautor
_4aut.
_926456
245 1 0 _aEntre pieles /
_cAlfonso Torres.
264 4 _aSanto Domingo :
_bCocolo Editorial,
_c©1996.
300 _a60 páginas ;
_c18 cm.
336 _atexto
_btxt
_2rdacontent
337 _asin mediación
_bn
_2rdamedia
338 _avolumen
_bnc
_2rdacarrier
500 _aIncluye datos biográficos del autor en la contracubierta
590 _aInventariado, 2019/LP
650 7 _aPoesía dominicana
_966
_2LEMB
650 7 _aLiteratura dominicana.
_967
_2LEMB
910 _aValidado. Control de calidad MFF
942 _2ddc
_cLBS1
999 _c10760
_d10760